Tilastot visalle M:llä alkavat valtiot

Klikkaa tästä pelataksesi tätä visaa!

Yleistilastot

  • Tätä visaa on pelattu 6 157 kertaa
    (5 410 viimeisimmän päivityksen jälkeen)
  • Keskiarvotulos 12 / 18

Vastaustilastot

Valtio% Oikein
Mali
75%
Malta
75%
Mauritania
73%
Mongolia
71%
Monaco
71%
Moldova
71%
Mauritius
70%
Malesia
70%
Meksiko
69%
Montenegro
69%
Madagaskar
68%
Marokko
65%
Malediivit
65%
Myanmar
62%
Mosambik
61%
Malawi
53%
Mikronesia
52%
Marshallinsaaret
46%

Tulosjakauma

Persentiili vastausten määrän mukaan

Jokaisen tuloksen saaneiden osuus

Tuloshistoriasi

Et ole pelannut tätä visaa sen viimeisimmän päivityksen jälkeen